000 00617nam a2200217 a 4500
005 20240925063756.0
008 010921s2000 r 000 0 eng d
020 _a8471336987
035 _aUPN01000111824
049 _aCG
050 4 _aQA11 A2
_bV3.2
100 1 _aValiente Barderas, Santiago.
245 1 0 _aDidáctica de la matemática :
_bel libro de los recursos /
_cSantiago Valiente Barderas.
260 _aMadrid :
_bLa Muralla.
_c2000.
300 _a253 p.
440 0 _aAula abierta.
650 4 _aMatemáticas
_xEstudio y enseñanza
_93601
901 _a184751
902 _aMCM/cps
905 _aLibro
999 _c85732
_d85732